Law relating to intellectual property : (Record no. 83196)
[ view plain ]
| 000 -LEADER | |
|---|---|
| fixed length control field | 00795nam a22001937a 4500 |
| 005 - DATE AND TIME OF LATEST TRANSACTION | |
| control field | 20140409112912.0 |
| 010 ## - LCCN (DPL NO) | |
| LC control number | ENG-109628-630 |
| 020 ## - INTERNATIONAL STANDARD BOOK NUMBER | |
| Terms of availability | 3295.00 (set of 3 vols.) |
| International Standard Book Number | 9789350354247 |
| 035 ## - SYSTEM CONTROL NUMBER | |
| System control number | EN-93161-163 |
| 037 ## - SOURCE OF ACQUISITION | |
| Source of stock number/acquisition | DBAD/PUB |
| 082 ## - DEWEY DECIMAL CLASSIFICATION NUMBER | |
| Classification number | 346.54048 |
| 100 ## - MAIN ENTRY--PERSONAL NAME | |
| Personal name | Raghbir Singh |
| 245 ## - TITLE STATEMENT | |
| Title | Law relating to intellectual property : |
| Statement of responsibility, etc | by Raghbir Singh |
| Remainder of title | a complete comprehensive material on intellectual property covering acts, rules, conventions, treaties, agreements, digest of cases and much more.... / |
| 250 ## - EDITION STATEMENT | |
| Edition statement | 3rd ed |
| 260 ## - PUBLICATION, DISTRIBUTION, ETC. (IMPRINT) | |
| Name of publisher, distributor, etc | Universal Law Publishing |
| Date of publication, distribution, etc | 2014 |
| Place of publication, distribution, etc | Delhi |
| 270 ## - ADDRESS | |
| City | Delhi |
| Postal code | 110033 |
| Address | A-58, G.T. Karnal Road Industrial Area |
| 300 ## - PHYSICAL DESCRIPTION | |
| Extent | 3V.(viii,933p.; viii,935-1887p. ; lvii,911p.) |
| Dimensions | 24cm(Hb) |
| 942 ## - ADDED ENTRY ELEMENTS (KOHA) | |
| Source of classification or shelving scheme | Dewey Decimal Classification |
| Item type | English Books |
| Call number suffix | RAG |
| Classification part | 346.54048 |
| Withdrawn status | Lost status | Materials specified (bound volume or other part) | Not for loan | Collection code | Home library | Current library | Date acquired | Source of acquisition | Cost, normal purchase price | Full call number | Barcode | Copy number | Cost, replacement price | Koha item type |
|---|---|---|---|---|---|---|---|---|---|---|---|---|---|---|
| v.1 | Not For Loan | Non-fiction | D.B.Act.Division | D.B.Act.Division | 27/03/2014 | DBAD/PUB | 3295.00 | 346.54048 RAG | EN-93161 | 1 | 3295.00 | English Books | ||
| v.2 | Not For Loan | Non-fiction | D.B.Act.Division | D.B.Act.Division | 27/03/2014 | DBAD/PUB | 3295.00 | 346.54048 RAG | EN-93162 | 1 | 3295.00 | English Books | ||
| V.3 | Not For Loan | Non-fiction | D.B.Act.Division | D.B.Act.Division | 27/03/2014 | DBAD/PUB | 3295.00 | 346.54048 RAG | EN-93163 | 1 | 3295.00 | English Books |
